Presentation skills: a CPD study pack (Record no. 103648)

MARC details
000 -LEADER
fixed length control field 01081cam a2200265 4500
008 - FIXED-LENGTH DATA ELEMENTS--GENERAL INFORMATION
fixed length control field 040719n2004 000 0 eng u
020 ## - INTERNATIONAL STANDARD BOOK NUMBER
International Standard Book Number 190438823X
035 ## - SYSTEM CONTROL NUMBER
System control number (Sirsi) u126829
041 ## - LANGUAGE CODE
Language code of text/sound track or separate title eng
050 ## - LIBRARY OF CONGRESS CALL NUMBER
Classification number 658.452
-- 22
100 ## - MAIN ENTRY--PERSONAL NAME
Personal name Peacock, Alan
245 ## - TITLE STATEMENT
Title Presentation skills: a CPD study pack
260 ## - PUBLICATION, DISTRIBUTION, ETC.
Place of publication, distribution, etc. Reading
Name of publisher, distributor, etc. College of Estate Management
Date of publication, distribution, etc. 2004
300 ## - PHYSICAL DESCRIPTION
Extent 44p.
Dimensions 30cm.
350 ## - PRICE (NR) (BK AM CF MU VM SE) [OBSOLETE]
Price 36
490 ## - SERIES STATEMENT
Series statement College of Estate Management CPD Study Pack
520 ## - SUMMARY, ETC.
Summary, etc. This study pack aims to give practitioners an understanding of presentation skills and communication principles within the property and construction industry. The pack considers: key stages of the communication process; background preparation for a presentation; preparing the content; planning the delivery; delivery skills; and memory and visual aids. Bibliography.
520 ## - SUMMARY, ETC.
Summary, etc. No accompanying tape or CD.
650 ## - SUBJECT ADDED ENTRY--TOPICAL TERM
Topical term or geographic name entry element PRESENTATION SKILLS
650 ## - SUBJECT ADDED ENTRY--TOPICAL TERM
Topical term or geographic name entry element COMMUNICATION SKILLS
650 ## - SUBJECT ADDED ENTRY--TOPICAL TERM
Topical term or geographic name entry element PRESENTATIONS
690 ## - LOCAL SUBJECT ADDED ENTRY--TOPICAL TERM (OCLC, RLIN)
Topical term or geographic name as entry element MANAGEMENT-BUSINESS MANAGEMENT
942 ## - ADDED ENTRY ELEMENTS (KOHA)
Suppress in OPAC 0
Holdings
Withdrawn status Lost status Source of classification or shelving scheme Damaged status Not for loan Home library Current library Shelving location Date acquired Cost, normal purchase price Total Checkouts Full call number Barcode Date last seen Date last checked out Copy number Cost, replacement price Price effective from Koha item type
    Dewey Decimal Classification     London London Enquiry desk 23/07/2004 36.00 61 BASEMENT 6 30069389 06/08/2019 29/01/2010 1 36.00 06/08/2019 Audio
  Missing       London London Missing 03/09/2004 30.60 68 BASEMENT 6 30069484 06/08/2019 16/03/2010 2 30.60 06/08/2019 Audio